Đang tải...

Dairy hand book and dictionary

Chi tiết về thư mục
Tác giả chính: J H Frandsen
Định dạng: Printed Book
Ngôn ngữ:Undetermined
Được phát hành: Nittany printiny and publishing 1958
LEADER 00590nam a2200205Ia 4500
008 141122s9999 xx 000 0 und d
040 |c . 
041 |a English 
082 |a 637.03 
082 |b FRA/DA 
100 |a J H Frandsen  
245 |a Dairy hand book and dictionary  
245 |c J H Frandsen  
260 |b Nittany printiny and publishing  
260 |c 1958 
300 |a 844 Pages 
500 |a Damaged 
942 |c BK 
999 |c 11384  |d 11384 
952 |0 0  |1 0  |2 ddc  |4 1  |6 637_030000000000000_FRADA  |7 0  |9 11269  |a COVAS  |b COVAS  |d 0000-00-00  |o 637.03 FRA/DA  |p 1940  |r 2014-11-26  |w 2014-11-26  |y BK